00669cam a22002293a 45000010005000000030006000050050017000110080041000280400015000690420007000840500007000910500007000981000044001052450103001492600029002525060030002815160020003116530026003316530013003578300028003708560041003984557PGUSA20140828083058.0031001s2003||||xxu|||||s|||||000 | eng d aPGUSAbeng adc 4aCB 4aHM1 aBury, J. B.q(John Bagnell),d1861-192714aThe Idea of Progress :bAn Inguiry into Its Origin and Growthh[electronic resource] /cJ. B. Bury bProject Gutenberg,c2003 aPublic domain in the USA. aElectronic text aHistory -- Philosophy aProgress 0aProject Gutenbergv455740uhttp://www.gutenberg.org/ebooks/4557